Video Games by Year: 2015 - Statistics

General Stats
  • This quiz has been taken 190 times
  • The average score is 7 of 16
Answer Stats
Picture Answer % Correct
Fallout 4
84%
Rocket League
84%
Star Wars: Battlefront
83%
Bloodborne
63%
Life Is Strange
63%
Need for Speed
52%
Undertale
48%
Battlefield Hardline
36%
Rise of the Tomb Raider
34%
Hotline Miami 2: Wrong Number
29%
Dying Light
27%
Wolfenstein: The Old Blood
25%
Resident Evil: Revelations 2
18%
Her Story
10%
Heroes of the Storm
6%
Pillars of Eternity
5%
No matching quizzes found
Score Distribution
Percent of People with Each Score
Percentile by Number Answered
Your Score History
You have not taken this quiz